MUTLU PRENS GENÇLİK KLASİKLERİ (Record no. 644235)

MARC details
000 -LEADER
sabit uzunluktaki kontrol alanı 00254nam a2200097Ia 4500
001 - KONTROL NUMARASI
kontrol alanı 644235
005 - EN SON İŞLEMİN TARİH VE ZAMANI
kontrol alanı 20250826153601.0
008 - SABİT-UZUNLUKTA VERİ ÖĞELERİ--GENEL BİLGİ
sabit uzunluktaki kontrol alanı 250824s9999 xx 000 0 und d
245 #0 - ESER / YAZAR
ESER ADI MUTLU PRENS GENÇLİK KLASİKLERİ
Yazar Adı OSCAR WILDE
260 ## - YAYIN, DAĞITIM, VB.
YAYIN EVİ TİMAŞ ÇOCUK
Holdings
Düşüm durumu Kayıp durumu Hasar Durumu Ödünç verilmez Ana kütüphane Geçerli Kütüphane Edinilen tarih Toplam ödünç verme sayısı Barkod Son görüntüleme tarihi Fiyatın geçerli olmaya başladığı tarih Koha materyal türü
        AKINCILAR AHMET HAŞHAŞ İLKOKULU AKINCILAR AHMET HAŞHAŞ İLKOKULU 24.08.2025   10041920 26.08.2025 26.08.2025 Books